| 000 | 01614cad a22003015a 4500 | ||
|---|---|---|---|
| 001 | L159240 | ||
| 008 | 100521s2016 xxkd f s 000 0 eng d | ||
| 035 | _a(Sirsi) u159240 | ||
| 041 | 0 | _aeng | |
| 050 | 0 | 4 | _a331.281333 $2 18 |
| 110 | 2 |
_aRoyal Institution of Chartered Surveyors _94900 |
|
| 240 | 0 | 4 | _aThe RICS and Macdonald and Company UK salary survey |
| 245 | 0 | 4 |
_aThe RICS and Macdonald and Company UK rewards and attitudes survey 2016 _bexecutive summary and key findings _h[electronic resource] |
| 250 | _a17th ed. | ||
| 260 |
_aLondon _bMacdonald and Company _aLondon _bRICS _c2016 |
||
| 300 | _a24p. | ||
| 520 | _aBesides statistics on current salaries, recent salary increases, bonuses and employment package benefits, the results give an insight into wider issues that are important to professionals in their role and their attitudes toward employment. The survey shows that real estate capital markets, investment as well as industrial and retail leasing/agency have seen salaries rise at well above the industry average. | ||
| 520 | _aA full copy of the report is not available in the Library. | ||
| 521 | 2 | _aAdvanced | |
| 590 | _aKA | ||
| 650 | 2 | 4 | _aRICS SALARY AND BENEFITS SURVEYS |
| 651 | 4 | _aUnited Kingdom | |
| 690 | _aBusiness and management | ||
| 710 | 2 |
_aMacdonald and Company _93846 |
|
| 856 | 4 | 0 |
_uhttps://issuu.com/macdonald_company/docs/uk_salary_survey_2016 _zView the item free of charge at www.macdonaldandcompany.com... |
| 856 | 4 | 0 |
_uhttps://www.macdonaldandcompany.com/uk-salary-survey _zView the item free of charge at www.macdonaldandcompany.com... |
| 942 |
_n0 _2ddc |
||
| 999 |
_c115757 _d115757 |
||